Assembly languages 360/370 OS/VS DOS/VS /
Uloženo v:
| Hlavní autoři: | , |
|---|---|
| Médium: | Kniha |
| Jazyk: | čeština |
| Vydáno: |
Reading :
Addison-Wesley Publishing,
1979
|
| Edice: | rz1
|
| On-line přístup: |
|
| Tagy: |
Přidat tag
Žádné tagy, Buďte první, kdo vytvoří štítek k tomuto záznamu!
|
MARC
| LEADER | 00000cam a2200000 4500 | ||
|---|---|---|---|
| 003 | SK-BrCVT | ||
| 005 | 20220618082724.0 | ||
| 008 | 091021s1979 cs e ||||||cze d | ||
| 035 | |a CVTIDWR028161 | ||
| 040 | |a |b slo |c |d | ||
| 041 | 0 | |a cze | |
| 044 | |a cs | ||
| 100 | |a Yarmish, Rina |4 aut | ||
| 245 | 1 | 0 | |a Assembly languages 360/370 OS/VS DOS/VS / |c Rina Yarmish, Joshua Yarmish |
| 260 | 3 | |a Reading : |b Addison-Wesley Publishing, |c 1979 | |
| 300 | |a 16, 768 s. | ||
| 700 | |a Yarmish, Joshua |4 aut | ||
| 830 | |a rz1 | ||
| 974 | |f Knihy | ||
| 999 | |c 200999 |d 200999 | ||